[Event "Manizales op 30th"]
[Site "Manizales"]
[Date "2025.01.10"]
[Round "5"]
[White "Suarez Vera, Angel Antonio"]
[Black "Pena Rincon, Anderson David"]
[Result "0-1"]
[WhiteElo "1637"]
[BlackElo "1600"]
[PlyCount "102"]
[EventDate "2025.01.08"]
[EventType "tourn"]
[EventRounds "7"]
[EventCountry "COL"]
[SourceTitle "CB03_2025"]
[SourceDate "2025.01.15"]
[SourceVersion "1"]
[SourceVersionDate "2025.01.15"]
[SourceQuality "1"]

1. e4 g6 2. d4 Bg7 3. c4 e6 4. Nf3 Ne7 5. Nc3 c6 6. Bf4 d5 7. cxd5 cxd5 8. e5 0-0 9. Bd3 Qb6 10. Qd2 Nbc6 11. Ne2 Qb4 12. a3 Qxd2+ 13. Kxd2 Bd7 14. h4 h5 15. Rac1 Rac8 16. Rc3 Na5 17. Rhc1 a6 18. Bg5 Rxc3 19. Rxc3 Nf5 20. Rc7 Bc6 21. Kd1 Nc4 22. Kc2 Kh7 23. Nd2 Kg8 24. Kc3 Nxe5 25. dxe5 Bxe5+ 26. Kc2 Bxc7 27. Bxf5 exf5 28. Nd4 Bd8 29. Bh6 Re8 30. N2f3 Bf6 31. b4 Ba4+ 32. Kd3 Bb5+ 33. Nxb5 axb5 34. Nd4 Bxd4 35. Kxd4 Re2 36. Be3 Ra2 37. Kxd5 Rxa3 38. Kc5 Ra6 39. Kxb5 Kf8 40. Kc4 Ke7 41. b5 Re6 42. b6 Kd6 43. Kd3 Kd5 44. g3 f6 45. f4 Rxe3+ 46. Kxe3 Kc5 47. Kd3 Kxb6 48. Kd4 Kc6 49. Kc4 b5+ 50. Kb4 Kb6 51. Kc3 Kc5 0-1

[Event "Manizales op 30th"]
[Site "Manizales"]
[Date "2025.01.09"]
[Round "2"]
[White "Pena Rincon, Anderson David"]
[Black "Osorio Jaramillo, Mauricio"]
[Result "0-1"]
[WhiteElo "1600"]
[BlackElo "1676"]
[PlyCount "30"]
[EventDate "2025.01.08"]
[EventType "tourn"]
[EventRounds "7"]
[EventCountry "COL"]
[SourceTitle "CB03_2025"]
[SourceDate "2025.01.15"]
[SourceVersion "1"]
[SourceVersionDate "2025.01.15"]
[SourceQuality "1"]

1. d4 Nf6 2. Bf4 g6 3. e3 Bg7 4. Be2 d6 5. Nc3 Nbd7 6. Nf3 a6 7. Qd3 b5 8. Ne4 Bb7 9. Nxf6+ Nxf6 10. h4 h5 11. Rg1 0-0 12. Ng5 c5 13. Qb3 Ne4 14. f3 Qa5+ 15. c3 Nf6 0-1